000 00301nam a22001337a 4500
008 170207b xxu||||| |||| 00| 0 eng d
020 _a10940626
041 _aeng
080 _a61
100 _a4
101 _aSHM
245 _aTHE CLINICS ATLAS OF OFFICE PROCEDURES
_cGENO MERLI
942 _2udc
_cBK
999 _c4831
_d4831